000 01838nam a22003857a 4500
005 20101227155414.0
008 101227t xxu||||| |||| 00| 0 eng d
010 _aENG-101879
020 _a9780071070775
_c575.00
020 _a007107077x
_c575.00
035 _aEN-85412
037 _bDBAD/PUB
040 _adpl
_bEng
082 _a337.73051
100 _925104
_aJones, Handel Hydn
245 _aChinAmerica :
_cby Handel Jones
_bthe uneasy partnership that will change the world / |
260 _aNew Delhi
_bTata McGraw Hill
_c2010
270 _a7 West Patel Nagar
_bNew Delhi
_e110008
300 _axx,280p.
_c24cm(Hb)
500 _aIncludes bibliographical references and index.
505 _aThe front lines of the Chinamerica wealth battle -- How CEOs replaced generals -- Automobiles and steel production -- PC threats and other industries -- Role of government in U.S. industry -- What is China today? -- Chinese culture -- Chinese government policies -- Chinese economic philosophies -- Predictions for the Chinese economy -- Taiwan and its synergy with China -- Restructuring the U.S.
650 _925107
_aIndustrial policy
_z United States.
650 _925108
650 _925109
650 _925112
651 _aUnited States
_xEconomic conditions
_y2001-2009.
_925115
651 _aUnited States
_xEconomic conditions
_y2009-
_925116
651 _aChina
_xEconomic conditions
_y2000
_925117
651 _aChina
_xPolitics and government
_y21st century.
_925118
651 _aChina
_xRelations
_zUnited States.
_925119
651 _aUnited States
_x Relations
_z China.
_925120
700 _925105
942 _2ddc
_cEN
_h337.73051
_mJON
999 _c49560
_d49560